Xây dựng ứng dụng windows với C++.net; T2

Đã lưu trong:
Bibliografiske detaljer
Hovedforfatter: Phương Lan
Format: Bog
Sprog:Undetermined
Udgivet: Cà Mau Mũi Cà Mau 2003
Fag:
Tags: Tilføj Tag
Ingen Tags, Vær først til at tagge denne postø!
Thư viện lưu trữ: Trung tâm Học liệu Trường Đại học Cần Thơ
LEADER 00539nam a2200193Ia 4500
001 CTU_60159
008 210402s9999 xx 000 0 und d
020 |b 49000 
082 |a 005.133 
082 |b Ph561/T2 
100 |a Phương Lan 
245 0 |a Xây dựng ứng dụng windows với C++.net; T2 
245 0 |c Phương Lan 
260 |a Cà Mau 
260 |b Mũi Cà Mau 
260 |c 2003 
650 |a c++ ( computer program language ) 
904 |i Minh 
980 |a Trung tâm Học liệu Trường Đại học Cần Thơ